[Event "SVK-ch U14"]
[Site "Liptovsky Mikulas"]
[Date "2016.04.20"]
[Round "6"]
[White "Ondo, Patrik"]
[Black "Taragel, Marian"]
[Result "1/2-1/2"]
[WhiteElo "1223"]
[BlackElo "1366"]
[PlyCount "58"]
[EventDate "2016.04.16"]
[EventType "swiss"]
[EventRounds "9"]
[EventCountry "SVK"]
[SourceTitle "CBM 172 Extra"]
[Source "ChessBase"]
[SourceDate "2016.06.21"]
[SourceVersion "1"]
[SourceVersionDate "2016.06.21"]
[SourceQuality "1"]

1. e4 e5 2. Nf3 Nc6 3. Bb5 a6 4. Bxc6 dxc6 5. d3 Bg4 6. h3 Bxf3 7. Qxf3 Bc5 8. 0-0 h6 9. Be3 Bd4 10. Nc3 Ne7 11. Qg3 Ng6 12. Rab1 0-0 13. Ne2 Bxe3 14. Qxe3 Qf6 15. f4 exf4 16. Nxf4 Qg5 17. Qf2 Nxf4 18. Qxf4 Qc5+ 19. Rf2 Qd6 20. Qxd6 cxd6 21. Re1 Rfe8 22. Ref1 f6 23. Rf3 Re5 24. Rf5 Rae8 25. Rxe5 Rxe5 26. Rf5 Kf7 27. Rxe5 fxe5 28. Kf2 Kf6 29. Kf3 g5 1/2-1/2

[Event "SVK-ch U14"]
[Site "Liptovsky Mikulas"]
[Date "2016.04.18"]
[Round "3"]
[White "Zahorcek, Jakub"]
[Black "Ondo, Patrik"]
[Result "1-0"]
[WhiteElo "1571"]
[BlackElo "1223"]
[PlyCount "117"]
[EventDate "2016.04.16"]
[EventType "swiss"]
[EventRounds "9"]
[EventCountry "SVK"]
[SourceTitle "CBM 172 Extra"]
[Source "ChessBase"]
[SourceDate "2016.06.21"]
[SourceVersion "1"]
[SourceVersionDate "2016.06.21"]
[SourceQuality "1"]

1. e4 e5 2. Nf3 Nc6 3. d4 exd4 4. Nxd4 Nxd4 5. Qxd4 Qf6 6. Be3 Qxd4 7. Bxd4 d6 8. Nc3 c5 9. Be3 Nf6 10. Bb5+ Bd7 11. Bxd7+ Nxd7 12. 0-0 Be7 13. Rad1 Ne5 14. b3 0-0 15. Nd5 Nc6 16. Nxe7+ Nxe7 17. Rxd6 b6 18. Rfd1 h6 19. f3 Ng6 20. Bf2 Nf4 21. Kf1 Ne6 22. Rd7 Rad8 23. c4 a5 24. a3 Rb8 25. Bg3 Rbd8 26. Rxd8 Rxd8 27. Rxd8+ Nxd8 28. Bc7 Nc6 29. Bxb6 Nd4 30. b4 axb4 31. axb4 Nb3 32. Bxc5 Nd2+ 33. Ke2 Nxc4 34. b5 Na5 35. b6 f6 36. Kd3 Kf7 37. Bb4 Nb7 38. Kd4 Ke6 39. f4 g6 40. g4 h5 41. f5+ gxf5 42. gxf5+ Kd7 43. e5 fxe5+ 44. Kxe5 Nd8 45. Bc5 Nc6+ 46. Kf6 Ke8 47. Kg7 h4 48. f6 Ne5 49. b7 Nd7 50. f7+ Kd8 51. b8Q+ Nxb8 52. f8Q+ Kc7 53. Qd6+ Kb7 54. Qb6+ Kc8 55. Bd6 Na6 56. Qxa6+ Kd7 57. Ba3 Kd8 58. Qb7 Ke8 59. Qe7# 1-0

[Event "SVK-ch U14"]
[Site "Liptovsky Mikulas"]
[Date "2016.04.16"]
[Round "1"]
[White "Matis, Daniel"]
[Black "Ondo, Patrik"]
[Result "0-1"]
[WhiteElo "1590"]
[BlackElo "1223"]
[PlyCount "106"]
[EventDate "2016.04.16"]
[EventType "swiss"]
[EventRounds "9"]
[EventCountry "SVK"]
[SourceTitle "CBM 172 Extra"]
[Source "ChessBase"]
[SourceDate "2016.06.21"]
[SourceVersion "1"]
[SourceVersionDate "2016.06.21"]
[SourceQuality "1"]

1. e4 e5 2. Nf3 Nc6 3. Bc4 d6 4. h3 Be7 5. d3 Nf6 6. 0-0 0-0 7. Nc3 Nd4 8. Be3 c5 9. Nd5 Nxd5 10. Bxd5 Qb6 11. c3 Nxf3+ 12. Qxf3 Qxb2 13. Rac1 Be6 14. Qg3 Bxd5 15. exd5 Qxa2 16. Bh6 Bf6 17. c4 Rfe8 18. Rfe1 Qa4 19. Re3 Kh8 20. Bg5 Bxg5 21. Qxg5 Qd7 22. Rg3 g6 23. h4 Qf5 24. Qe3 Qf4 25. Qxf4 exf4 26. Rf3 a5 27. Rxf4 Re7 28. d4 b6 29. dxc5 bxc5 30. Rf3 a4 31. Ra3 Rb7 32. Rcc3 Rb4 33. g3 Kg7 34. Kg2 Kf6 35. Kf3 Re8 36. Kf4 h6 37. g4 g5+ 38. hxg5+ hxg5+ 39. Kf3 Kg6 40. Ra2 f5 41. gxf5+ Kxf5 42. Kg3 Rb3 43. Rxb3 axb3 44. Rb2 Rb8 45. Kf3 Rb4 46. Ke3 Rxc4 47. Rxb3 Rd4 48. Rd3 Rxd3+ 49. Kxd3 Ke5 50. Kc4 g4 51. Kd3 Kxd5 52. Kc3 Ke4 53. Kd2 d5 0-1